=LDR 00000nam 2200000 4500 =001 INLIS000000000810177 =005 20251106010045 =035 ##$$a 0010-1125000031 =245 ##$$a Tuntunan Shalat Nabi /$c Asy Syaikh Muhammad Nashiruddin Al Bani =250 ##$$a Revisi =300 ##$: $b ilustrasi ; $c 21 cm =260 ##$:$b Ash shaf media =082 ##$$a 297.382 A =084 ##$$a 297.382 ALB t =020 ##$$a 9789791531641